Estadísticas para Historia de Argentina

Haz click aquí para intentar la prueba.

Estadísticas generales

  • Esta prueba ha sido intentada 1.606 veces
  • La puntuación promedio es 12 de 20

Estadísticas de respuestas

PistaRespuesta% Correcto
Único papa americanoFrancisco
99%
Argentina y el Reino Unido lucharon por este lugar en 1982Islas Malvinas
94%
Año en que Argentina ganó y fue sede de la Copa Mundial1978
91%
Entre las siglas XIX y XX, la población de Argentina aumentó muchísimo,
con la mayoría de inmigrantes de España y _____
Italia
91%
Mes en que Argentina se sublevó contra la ocupación españolaMayo
85%
Este revolucionario comunista nació en ArgentinaChe Guevara
84%
Año en que Argentina finalmente declaró su independencia1816
81%
Jefa Espiritual de ArgentinaEva Perón
79%
Año en que Argentina se sublevó contra la ocupación española1810
75%
Argentina recibe su nombre a causa de este mineralPlata
75%
Primera mujer elegida como presidenteCristina Fernández de Kirchner
62%
Los jinetes de la pampaGuachos
57%
Último presidente del siglo XXFernando de la Rúa
53%
Partido argentino, después nombrado Partido Peronista por su fundadorPartido {Justicialista}
48%
La región de Argentina pertenecía no a Portugal sino a España
después de 1494 gracias a este compromiso
Tratado de {Tordesillas}
36%
Período entre 1930 y 1943 de confusión política y económicaDécada Infame
34%
Guerra sudamericana en que Argentina mantenía una neutralidadGuerra del Pacífico
30%
El dios solar andino, representado en la banderaInti
23%
Este navegante es el primer europeo en llegar al Río de PlataJuan Díaz de Solís
15%
Presidente argentino que mantuvo esa neutralidadNicolás Avellaneda
13%

Distribución de puntuación

Porcentaje por número respondido

Porcentaje de gente con cada puntuación

Historial de tus puntuaciones

No has intentado esta prueba.